000 00796nam a2200241Ia 4500
003 OSt
005 20220923220850.0
006 a|||||r|||| 00| 0
007 ta
008 220922b |||||||| |||| 00| 0 hin d
024 _a191,630
037 _cTextual
040 _aARTS
_cARTS
_bhin
041 _2hin
_ahin
082 _aV2y7N10, 152M0
100 _aरायचौधरी, सुदेव
245 0 _aमॉं टेरेसा, सपा जगत शंखधर
246 _aMaॉan ṭeresā, sapā0 jagat shankhadhara
260 _aदिल्ली
_b राधाकृष्ण प्रकाशन
_c1980
300 _a125i`-0
_ccm.
942 _hV2y7N10, 152M0
_cTEXL
_2CC
999 _c344286
_d344286